Statistics for Countries with Current and Resolved Disputes with China

Click here to take the quiz!

General Stats

  • This quiz has been taken 23 times
  • The average score is 17 of 19

Answer Stats

StatusCountry% Correct
CurrentJapan
100%
CurrentTaiwan
100%
CurrentIndia
95%
ResolvedMongolia
95%
ResolvedNorth Korea
95%
ResolvedPakistan
95%
ResolvedSouth Korea
95%
CurrentVietnam
95%
ResolvedRussia
91%
ResolvedKyrgyzstan
86%
ResolvedLaos
86%
ResolvedMyanmar
86%
ResolvedKazakhstan
82%
CurrentMalaysia
82%
ResolvedNepal
82%
CurrentPhilippines
77%
ResolvedTajikistan
77%
CurrentBhutan
73%
CurrentBrunei
64%

Score Distribution

Percentile by Number Answered

Percent of People with Each Score

Your Score History

You have not taken this quiz